| 000 | 00919cam a22002897a 4500 | ||
|---|---|---|---|
| 003 | CHAP | ||
| 005 | 20220329143744.0 | ||
| 008 | 110613s1963 es a r 00010 spa d | ||
| 010 | _a101479 | ||
| 011 | _a102451 | ||
| 035 | _a113139 | ||
| 040 | _cCHAP | ||
| 082 | 0 | 0 |
_a636.39 _bS35 1963 |
| 100 | 0 | 0 |
_aSales, Luis S. _9101567 |
| 245 | 1 | 3 |
_aLa cabra productiva _b: métodos modernos y prácticos de cría y aprovechamiento _c/por L. S. Sales |
| 250 | _a2 ed. | ||
| 260 |
_aBarcelona : _bSintes, _c1963 |
||
| 300 |
_a202 p. _b: ilus. |
||
| 590 |
_aBATCH-UPD _b10 _c20130110 _lUCH01 _h1352 |
||
| 590 |
_aBATCH-UPD _b10 _c20130410 _lUCH01 _h0848 |
||
| 590 |
_aBATCH-UPD _b10 _c20130914 _lUCH01 _h1509 |
||
| 590 |
_aCONVERSION _b10 _c20130109 _lUCH01 _h1356 |
||
| 650 | 1 | 4 |
_aGanado cabrío. _944988 |
| 901 | _aBK | ||
| 942 | _cLIBRO | ||
| 949 |
_a636.39 S35 1963 _bBC _cLIBRO _d33724002255587 _eLIBRO _gDonaciØn _h115137 _i113139 _sb |
||
| 999 |
_c101479 _d101479 |
||